| Tag |
First Indicator |
Second Indicator |
Subfields |
| LEADER |
00000cam a2200000 a 4500 |
| 001 |
in00000087806 |
| 005 |
20151008063018.0 |
| 008 |
801114s1981 nyu 00010 engm |
| 010 |
|
|
|a 80002726
|
| 020 |
|
|
|a 0394514742
|
| 020 |
|
|
|a 0394749081 (pbk.)
|
| 035 |
|
|
|a (OCoLC)07175211
|
| 035 |
|
|
|9 AAK1399AM
|
| 040 |
|
|
|a DLC
|c DLC
|d m.c.
|d TXA
|d UtOrBLW
|
| 049 |
|
|
|a TXAM
|c [1387810]
|
| 050 |
0 |
0 |
|a PS3558.I64
|b F6
|
| 082 |
0 |
|
|a 811/.54
|2 19
|
| 090 |
|
|
|a PS3558.I64
|b F6 1981a
|
| 100 |
1 |
|
|a Hirsch, Edward.
|
| 245 |
1 |
0 |
|a For the sleepwalkers :
|b poems /
|c by Edward Hirsch.
|
| 250 |
|
|
|a 1st ed.
|
| 264 |
|
1 |
|a New York :
|b Knopf :
|c 1981.
|
| 264 |
|
2 |
|a New York :
|b Distributed by Random House,
|
| 300 |
|
|
|a 84 pages ;
|c 21 cm.
|
| 336 |
|
|
|a text
|b txt
|2 rdacontent
|
| 337 |
|
|
|a unmediated
|b n
|2 rdamedia
|
| 338 |
|
|
|a volume
|b nc
|2 rdacarrier
|
| 490 |
1 |
|
|a Knopf poetry series ;
|v 4
|
| 830 |
|
0 |
|a Knopf poetry series ;
|v 4.
|
| 999 |
|
|
|a MARS
|
| 999 |
f |
f |
|s e85b9533-50b2-3e61-a75a-4c011a54d63a
|i 33ea8f77-3b77-3973-b79f-7eb716af0a26
|t 0
|
| 952 |
f |
f |
|p ric
|a Texas A&M University
|b Rellis Campus
|c Joint Library Facility
|d Remote Storage
|t 0
|e PS3558.I64 F6 1981a
|h Library of Congress classification
|i unmediated -- volume
|m A14805977584
|
| 998 |
f |
f |
|a PS3558.I64 F6 1981a
|t 0
|l Remote Storage
|